Library of the University of Algiers 3
Ibrahim Sultan Cheibout
شعار جامعة الجزائر 3
مكتبة جامعة الجزائر 3
إبراهيم سلطان شيبوط

الجبر المجرد / (رقم التسجيلة. 45967)

تفاصيل مارك
000 -LEADER
fixed length control field 02480nam a2200217Ia 4500
003 - CONTROL NUMBER IDENTIFIER
control field Ost
005 - DATE AND TIME OF LATEST TRANSACTION
control field 20260507075725.0
008 - FIXED-LENGTH DATA ELEMENTS--GENERAL INFORMATION
fixed length control field 260507s9999||||xx |||||||||||||| ||und||
040 ## - CATALOGING SOURCE
Transcribing agency fsecg
041 ## - LANGUAGE CODE
Language code of text/sound track or separate title ara
082 ## - DEWEY DECIMAL CLASSIFICATION NUMBER
Classification number 512
100 ## - MAIN ENTRY--PERSONAL NAME
Personal name جهيمة، رمضان محمد
Relator term مؤلف
245 #0 - TITLE STATEMENT
Title الجبر المجرد /
Statement of responsibility, etc. رمضان محمد جهيمة
260 ## - PUBLICATION, DISTRIBUTION, ETC.
Place of publication, distribution, etc. بيروت:
Name of publisher, distributor, etc. دار الكتاب الجديد المتحدة,
Date of publication, distribution, etc. 2000
300 ## - PHYSICAL DESCRIPTION
Extent 327 صفحة؛
Dimensions 24 سم
520 ## - SUMMARY, ETC.
Summary, etc. وهذا الكتاب يعتبر مدخلاً جيداً لموضوعات الجبر المجرد أو للاستخدام في العلوم الأخرى أو في تعلم الموضوع نفسه. وذلك لأن المؤلف قد تعرض فيه للمواضيع الرئيسية بأسلوب يغلب عليه الوضوح والبساطة والعمق في البحث. كما وأضاف الكثير من الأمثلة مع الحلول لتوضيح الأفكار المدروسة، كما ذُيِّل كل بند بالعديد من التمارين. وإضافة إلى ذلك ذُيل كل فصل بتمارين كثيرة ومتدرجة في الصعوبة حتى يختبر الطالب مقدرته على فهم واستنتاج الموضوع الذي تناوله، ويتم ذلك بتحضير القارئ للموضوعات اللاحقة. والكتاب يحتوي على ستة فصول جاءت موضوعاتها كما يلي: الفصل الأول والثاني احتوى على المبادئ العامة لنظرية المجموعات. أما في الفصلين الثالث والرابع فتمّ التركيز على نظرية الزمر باعتبارها مجموعة تحت تأثير عملية ثنائية واحدة تتصف بخواص معينة. أما الفصل الخامس فتعرض للحلقات باعتبارها مجموعة تحت تأثير عمليتين ثنائيتين بشروط معينة. في حين يتضمن الفصل السادس والأخير المجالات وحلقات الحدوديات. كما يحتوي الكتاب في نهايته على قائمة بالمصطلحات العلمية المستخدمة في الكتاب وتعريبها حتى تساعد القارئ على تكوين الصورة الواضحة للموضوع بدون لبس أو غموض.
653 ## - INDEX TERM--UNCONTROLLED
Uncontrolled term جبر
653 ## - INDEX TERM--UNCONTROLLED
Uncontrolled term رياضيات
700 ## - ADDED ENTRY--PERSONAL NAME
Personal name صقر، علي محمد
Relator term مؤلف ثانوي
942 ## - ADDED ENTRY ELEMENTS (KOHA)
Koha item type كتب
المقتنيات
Withdrawn status Lost status Source of classification or shelving scheme Damaged status Not for loan Home library Current library Date acquired Serial enumeration / chronology Inventory number Total checkouts Full call number Barcode Date last seen Price effective from Koha item type
    Library of Congress Classification   NOT LOAN / إعارة داخلية مكتبة كلية العلوم الإقتصادية والعلوم التجارية وعلوم التسيير مكتبة كلية العلوم الإقتصادية والعلوم التجارية وعلوم التسيير 07/05/2026 الطابق الأرضي 1105/1   أ/1105ن1 1105/1 07/05/2026 07/05/2026 كتب
    Dewey Decimal Classification   Available مكتبة كلية العلوم الإقتصادية والعلوم التجارية وعلوم التسيير مكتبة كلية العلوم الإقتصادية والعلوم التجارية وعلوم التسيير 07/05/2026 الطابق الأرضي 1105/2   أ/1105ن2 1105/2 07/05/2026 07/05/2026 كتب
    Dewey Decimal Classification   Available مكتبة كلية العلوم الإقتصادية والعلوم التجارية وعلوم التسيير مكتبة كلية العلوم الإقتصادية والعلوم التجارية وعلوم التسيير 07/05/2026 الطابق الأرضي 1105/3   أ/1105ن3 1105/3 07/05/2026 07/05/2026 كتب
    Dewey Decimal Classification   Available مكتبة كلية العلوم الإقتصادية والعلوم التجارية وعلوم التسيير مكتبة كلية العلوم الإقتصادية والعلوم التجارية وعلوم التسيير 07/05/2026 الطابق الثاني 1105/4   أ/1105ن4 1105/4 07/05/2026 07/05/2026 كتب
    Dewey Decimal Classification   Available مكتبة كلية العلوم الإقتصادية والعلوم التجارية وعلوم التسيير مكتبة كلية العلوم الإقتصادية والعلوم التجارية وعلوم التسيير 07/05/2026 الطابق الثاني 1105/5   أ/1105ن5 1105/5 07/05/2026 07/05/2026 كتب

موارد الويب المفتوحة


© University of Algiers 3 All Rights Reserved
|
Implemented by LECHELAH Riad